[Event "ThEM 2003"]
[Site "?"]
[Date "2003.04.19"]
[Round "7"]
[White "Sieber, Stephan"]
[Black "Wehner, Jannis"]
[Result "1-0"]
[WhiteElo "2136"]
[BlackElo "2197"]
[PlyCount "55"]
[EventDate "2003.04.16"]
[EventRounds "9"]
[EventCountry "GER"]

1. e4 c5 2. Nf3 Nc6 3. d4 cxd4 4. Nxd4 Nf6 5. Nc3 e5 6. Ndb5 d6 7. Bg5 a6 8.
Bxf6 gxf6 9. Na3 b5 10. Nd5 f5 11. Bxb5 axb5 12. Nxb5 Ra4 13. Nbc7+ Kd7 14. Qh5
Rxe4+ 15. Kf1 Ne7 16. Qxf7 Kc6 17. c4 Nxd5 18. cxd5+ Kc5 19. Rc1+ Rc4 20. Ke2
Bh6 21. Ne6+ Bxe6 22. Qa7+ Kb5 23. Rxc4 Kxc4 24. Qa6+ Kxd5 25. Rd1+ Kc5 26. b4+
Kxb4 27. Rb1+ Kc3 28. Qd3# 1-0

[Event "ThEM 2003"]
[Site "?"]
[Date "2003.04.19"]
[Round "7"]
[White "Goemann, Jens"]
[Black "Huster, Mike"]
[Result "1-0"]
[WhiteElo "2194"]
[BlackElo "1917"]
[PlyCount "53"]
[EventDate "2003.04.16"]
[EventRounds "9"]
[EventCountry "GER"]

1. c4 e6 2. g3 d5 3. Nf3 c5 4. Bg2 Nc6 5. O-O Nf6 6. b3 Be7 7. Bb2 O-O 8. e3 b6
9. Qe2 Bb7 10. Rd1 Qc7 11. Nc3 Rad8 12. Rac1 Qb8 13. cxd5 exd5 14. d4 Rfe8 15.
dxc5 bxc5 16. Na4 c4 17. Nd2 Ba6 18. Bxf6 Bxf6 19. Nc5 Bc8 20. bxc4 Bf5 21.
cxd5 Nb4 22. Ndb3 Re5 23. Na6 Nxa6 24. Qxa6 Bg4 25. Rd2 h6 26. Nd4 Qb4 27. Rdc2
1-0

[Event "ThEM 2003"]
[Site "?"]
[Date "2003.04.19"]
[Round "7"]
[White "Koch, Stefan"]
[Black "Buring, Matthias"]
[Result "1/2-1/2"]
[WhiteElo "1923"]
[BlackElo "2074"]
[PlyCount "25"]
[EventDate "2003.04.16"]
[EventRounds "9"]
[EventCountry "GER"]

1. e4 e5 2. Nf3 Nc6 3. Bc4 Be7 4. O-O Nf6 5. Nc3 d6 6. h3 O-O 7. d4 exd4 8.
Nxd4 Ne5 9. Bb3 Bd7 10. Re1 c5 11. Nf3 Bc6 12. Bd5 Qc7 13. Bf4 1/2-1/2

[Event "ThEM 2003"]
[Site "?"]
[Date "2003.04.19"]
[Round "7"]
[White "Lange, Corinna"]
[Black "Rohmeiss, Roberto"]
[Result "0-1"]
[WhiteElo "2162"]
[BlackElo "2065"]
[PlyCount "48"]
[EventDate "2003.04.16"]
[EventRounds "9"]
[EventCountry "GER"]

1. e4 d6 2. d4 g6 3. Nc3 Bg7 4. Be3 Nf6 5. f3 c6 6. Qd2 Qa5 7. O-O-O b5 8. Kb1
Nbd7 9. g4 h5 10. g5 Nh7 11. f4 b4 12. Nce2 c5 13. dxc5 dxc5 14. Bh3 O-O 15.
Qd5 e6 16. Qxa8 Qb6 17. Nf3 Bb7 18. Qxf8+ Nhxf8 19. Ng3 Qa5 20. Bg2 Bxb2 21.
Nd2 Nb6 22. Nb3 Qa3 23. Rhe1 Na4 24. Rd3 c4 0-1

[Event "ThEM 2003"]
[Site "?"]
[Date "2003.04.19"]
[Round "7"]
[White "Deuter, Lutz"]
[Black "Skibbe, Diana"]
[Result "1-0"]
[WhiteElo "2049"]
[BlackElo "2130"]
[PlyCount "67"]
[EventDate "2003.04.16"]
[EventRounds "9"]
[EventCountry "GER"]

1. e4 e5 2. Nf3 Nc6 3. Bb5 a6 4. Ba4 Nf6 5. O-O b5 6. Bb3 Bc5 7. c3 O-O 8. d4
Be7 9. Re1 d6 10. h3 Re8 11. a4 Bb7 12. Nbd2 h6 13. Nf1 Na5 14. Bc2 Bf8 15.
dxe5 Nd7 16. axb5 axb5 17. exd6 Bxd6 18. Nd4 c6 19. Nxc6 Nxc6 20. Rxa8 Qxa8 21.
Qxd6 Nde5 22. Ng3 Nc4 23. Qd1 b4 24. Nf5 N4e5 25. f4 Rd8 26. Qh5 Ng6 27. Bb3
Kf8 28. e5 Na5 29. Bxf7 Kxf7 30. Nd6+ Rxd6 31. exd6 Kf6 32. d7 Qd8 33. f5 Qb6+
34. Be3 1-0

[Event "ThEM 2003"]
[Site "?"]
[Date "2003.04.19"]
[Round "7"]
[White "Koksch, Robert"]
[Black "Seidens, Gunter"]
[Result "0-1"]
[WhiteElo "2072"]
[BlackElo "2069"]
[PlyCount "92"]
[EventDate "2003.04.16"]
[EventRounds "9"]
[EventCountry "GER"]

1. d4 d5 2. c4 e6 3. Nc3 Nf6 4. Bg5 Nbd7 5. Nf3 Be7 6. e3 O-O 7. Rc1 a6 8. Bd3
dxc4 9. Bxc4 b5 10. Bd3 Bb7 11. O-O Rc8 12. Qe2 c5 13. Rfd1 Qa5 14. Ne5 Rfe8
15. Nxd7 Nxd7 16. Qh5 g6 17. Qh4 Bxg5 18. Qxg5 cxd4 19. exd4 Qd8 20. Qxd8 Rexd8
21. Ne4 Rxc1 22. Rxc1 Nb6 23. Nc5 Rxd4 24. Bf1 Bc8 25. f3 Rd8 26. Ne4 f5 27.
Ng5 h6 28. Rc6 hxg5 29. Rxb6 Kf7 30. b3 Ke7 31. a4 bxa4 32. bxa4 a5 33. Bb5 f4
34. Kf2 Rd2+ 35. Ke1 Rxg2 36. Rc6 Kd8 37. Rd6+ Kc7 38. Rc6+ Kd8 39. Rd6+ Kc7
40. Rc6+ Kb7 41. Rc5 g4 42. Bf1 Ra2 43. Rxa5 gxf3 44. h4 e5 45. Rxe5 f2+ 46.
Kd1 Bg4+ 0-1

[Event "ThEM 2003"]
[Site "?"]
[Date "2003.04.19"]
[Round "7"]
[White "Gulich, Christian"]
[Black "Siebarth, Raiko"]
[Result "0-1"]
[WhiteElo "2133"]
[BlackElo "2103"]
[PlyCount "46"]
[EventDate "2003.04.16"]
[EventRounds "9"]
[EventCountry "GER"]

1. e4 c5 2. Nf3 d6 3. d4 cxd4 4. Nxd4 Nf6 5. Nc3 a6 6. Bc4 e6 7. Bb3 b5 8. O-O
Qb6 9. Be3 Qb7 10. f4 Nbd7 11. f5 Nc5 12. fxe6 fxe6 13. e5 dxe5 14. Nf3 Ng4 15.
Bg5 Bd7 16. Qe2 b4 17. Nd1 Nxb3 18. cxb3 Bb5 19. Qe1 Bxf1 20. Qxf1 Bc5+ 21. Kh1
O-O 22. Qc4 e4 23. Qxe6+ Kh8 0-1

[Event "ThEM 2003"]
[Site "?"]
[Date "2003.04.19"]
[Round "7"]
[White "Siegl, Detlef"]
[Black "Michalowski, Peter"]
[Result "1/2-1/2"]
[WhiteElo "2027"]
[BlackElo "1676"]
[PlyCount "113"]
[EventDate "2003.04.16"]
[EventRounds "9"]
[EventCountry "GER"]

1. e4 c5 2. Nf3 d6 3. d4 cxd4 4. Nxd4 Nf6 5. Nc3 a6 6. Be3 e5 7. Nb3 Be6 8. Be2
Be7 9. O-O O-O 10. f3 b5 11. a3 Nbd7 12. Qe1 Qc7 13. Rc1 Nb6 14. Nd2 d5 15.
exd5 Nfxd5 16. Nxd5 Nxd5 17. Bf2 Bc5 18. Ne4 Bxf2+ 19. Qxf2 Rac8 20. c4 Nf4 21.
b3 Nxe2+ 22. Qxe2 bxc4 23. Qe3 Qe7 24. bxc4 Bxc4 25. Rfe1 f6 26. Rc3 Be6 27.
Rec1 Rxc3 28. Rxc3 Rc8 29. Nc5 Rc6 30. Ne4 Qc7 31. Rxc6 Qxc6 32. Qc5 Qxc5+ 33.
Nxc5 Bc4 34. Kf2 Kf7 35. Ke3 Ke7 36. Kd2 Kd6 37. Ne4+ Kd5 38. Kc3 f5 39. Nd2
Be2 40. Nb3 g5 41. Nd2 h5 42. Nb3 g4 43. fxg4 hxg4 44. g3 f4 45. gxf4 exf4 46.
Kd2 Bc4 47. Na5 g3 48. hxg3 fxg3 49. Ke3 g2 50. Kf2 Bf1 51. Nb7 Kc4 52. a4 Kb4
53. a5 Bc4 54. Kxg2 Bd5+ 55. Kf2 Bxb7 56. Ke2 Kb3 57. Kd2 1/2-1/2

[Event "ThEM 2003"]
[Site "?"]
[Date "2003.04.19"]
[Round "7"]
[White "Skibbe, Willi"]
[Black "Manger, Erika"]
[Result "1-0"]
[WhiteElo "1672"]
[BlackElo "1404"]
[PlyCount "119"]
[EventDate "2003.04.16"]
[EventRounds "9"]
[EventCountry "GER"]

1. e4 b6 2. g3 Bb7 3. Bg2 e6 4. Nc3 Nf6 5. Nge2 Be7 6. d3 d6 7. O-O O-O 8. h3
Nbd7 9. f4 Rb8 10. Be3 c5 11. Qd2 d5 12. e5 d4 13. exf6 Bxf6 14. Bxd4 Bxd4+ 15.
Nxd4 cxd4 16. Ne2 Bxg2 17. Kxg2 Nf6 18. Qb4 Qd5+ 19. Kh2 Rbd8 20. Qa4 Qd7 21.
Qxd7 Rxd7 22. Rfe1 Rc8 23. Rac1 g6 24. a3 Ne8 25. Ng1 Ng7 26. Nf3 Nf5 27. Re2
Ne3 28. Nxd4 Rxd4 29. Rxe3 Rd6 30. Kg2 Kf8 31. c3 Ke7 32. Rce1 b5 33. d4 a5 34.
Kf3 b4 35. axb4 axb4 36. Ra1 bxc3 37. Ra7+ Kf6 38. bxc3 Rdc6 39. Ra3 h5 40. h4
R8c7 41. Ke4 Ke7 42. Kd3 f6 43. Re2 Kd6 44. Rea2 e5 45. fxe5+ fxe5 46. Ra6 exd4
47. Rxc6+ Rxc6 48. Kxd4 Ke6 49. Re2+ Kd6 50. c4 Rc8 51. Rc2 Rc5 52. Rc3 Ra5 53.
c5+ Kc6 54. Ke5 Ra4 55. Kf6 Rg4 56. Re3 Kxc5 57. Re5+ Kd4 58. Rg5 Ke3 59. Kxg6
Kf3 60. Kxh5 1-0

[Event "ThEM 2003"]
[Site "?"]
[Date "2003.04.19"]
[Round "7"]
[White "Berner, Stephan"]
[Black "Hermann, Ingo"]
[Result "1/2-1/2"]
[WhiteElo "1577"]
[BlackElo "1622"]
[PlyCount "48"]
[EventDate "2003.04.16"]
[EventRounds "9"]
[EventCountry "GER"]

1. e4 e6 2. d4 d5 3. Nd2 Nf6 4. e5 Nfd7 5. c3 c5 6. Ne2 Nc6 7. f4 f6 8. Nf3 Be7
9. g3 O-O 10. Bg2 cxd4 11. cxd4 Qb6 12. b3 Rf7 13. a3 Na5 14. b4 Nc4 15. Qb3 a5
16. Rb1 axb4 17. axb4 Qa7 18. Be3 fxe5 19. fxe5 Qa3 20. Bc1 Qxb3 21. Rxb3 Ra4
22. b5 Ndb6 23. O-O Bd7 24. Bh3 h6 1/2-1/2

[Event "ThEM 2003"]
[Site "?"]
[Date "2003.04.19"]
[Round "7"]
[White "Baecher, Reinhardt"]
[Black "Richter, Dagmar"]
[Result "1-0"]
[WhiteElo "1863"]
[BlackElo "1463"]
[PlyCount "107"]
[EventDate "2003.04.16"]
[EventRounds "9"]
[EventCountry "GER"]

1. e4 c5 2. Nf3 Nc6 3. d4 cxd4 4. Nxd4 g6 5. c4 Bg7 6. Be3 Nf6 7. Nc3 d6 8. f3
O-O 9. Qd2 Bd7 10. Be2 a6 11. O-O Rc8 12. Rac1 Ne5 13. b3 Qa5 14. Nd5 Qd8 15.
Bh6 Nxd5 16. Bxg7 Kxg7 17. cxd5 Qb6 18. Kh1 Rxc1 19. Rxc1 Rc8 20. Rxc8 Bxc8 21.
f4 Ng4 22. Bf3 Qc5 23. h3 Nf6 24. g4 h5 25. g5 Ne8 26. Kh2 Qc7 27. f5 Qd7 28.
Bg2 Kh7 29. Qf4 Ng7 30. fxg6+ fxg6 31. Qe3 Qe8 32. e5 Bf5 33. exd6 exd6 34.
Nxf5 gxf5 35. Qxe8 Nxe8 36. h4 Kg6 37. Kg3 Nc7 38. Kf4 Nb5 39. Bh3 Nd4 40. Bf1
Nc2 41. Bd3 Nd4 42. b4 Nb5 43. Bxf5+ Kg7 44. Bc8 Nc3 45. Bxb7 Nxa2 46. Bxa6
Nxb4 47. Bc4 Kg6 48. Ke4 Nc2 49. Bd3 Ne1 50. Kd4+ Kg7 51. Be4 Kf7 52. Ke3 Kg7
53. Ke2 Nc2 54. Bxc2 1-0

[Event "ThEM 2003"]
[Site "?"]
[Date "2003.04.20"]
[Round "8"]
[White "Haensel, Thomas"]
[Black "Enders, Peter"]
[Result "1/2-1/2"]
[WhiteElo "2312"]
[BlackElo "2522"]
[PlyCount "55"]
[EventDate "2003.04.16"]
[EventRounds "9"]
[EventCountry "GER"]

1. e4 e6 2. d4 d5 3. Nc3 Bb4 4. e5 Ne7 5. a3 Bxc3+ 6. bxc3 c5 7. Qg4 O-O 8. Bd3
Nbc6 9. Nf3 f5 10. Qh3 Qa5 11. Bd2 c4 12. Be2 Qa4 13. Bd1 Bd7 14. Rg1 b5 15. g4
fxg4 16. Rxg4 Nf5 17. Ng5 h6 18. Nf3 Kh7 19. Nh4 Nce7 20. Bg5 a5 21. Bxe7 Nxe7
22. Rg3 b4 23. Qg2 Rg8 24. f4 bxa3 25. Bh5 Be8 26. Bg4 Bd7 27. Bh5 Be8 28. Bg4
1/2-1/2

[Event "ThEM 2003"]
[Site "?"]
[Date "2003.04.20"]
[Round "8"]
[White "Siebarth, Raiko"]
[Black "Sieber, Stephan"]
[Result "0-1"]
[WhiteElo "2103"]
[BlackElo "2136"]
[PlyCount "74"]
[EventDate "2003.04.16"]
[EventRounds "9"]
[EventCountry "GER"]

1. e4 c5 2. Nf3 d6 3. d4 cxd4 4. Nxd4 Nf6 5. Nc3 a6 6. f3 e6 7. Be3 b5 8. Qd2
Bb7 9. O-O-O Qc7 10. g4 Nc6 11. g5 Nd7 12. h4 Nde5 13. f4 Nxd4 14. fxe5 dxe5
15. Bxd4 O-O-O 16. Bxe5 Rxd2 17. Bxc7 Rxd1+ 18. Kxd1 Kxc7 19. Bd3 Bd6 20. Rf1
Rf8 21. e5 Bxe5 22. Bxh7 Bxc3 23. bxc3 e5 24. h5 Bd5 25. Kd2 Rh8 26. g6 fxg6
27. Bxg6 Kd6 28. Rg1 Rf8 29. Bd3 Rf2+ 30. Ke3 Rf3+ 31. Kd2 Rf2+ 32. Ke3 Rg2 33.
Ra1 Rg3+ 34. Kd2 e4 35. Bf1 e3+ 36. Kc1 Rg1 37. Kb2 Bc4 0-1

[Event "ThEM 2003"]
[Site "?"]
[Date "2003.04.20"]
[Round "8"]
[White "Deuter, Lutz"]
[Black "Holzschuh, Stephan"]
[Result "1/2-1/2"]
[WhiteElo "2049"]
[BlackElo "2107"]
[PlyCount "58"]
[EventDate "2003.04.16"]
[EventRounds "9"]
[EventCountry "GER"]

1. Nf3 Nf6 2. b3 g6 3. Bb2 Bg7 4. g3 O-O 5. Bg2 d5 6. O-O c5 7. c4 e6 8. cxd5
exd5 9. d4 b6 10. Ne5 Bb7 11. Nd2 Nbd7 12. Nxd7 Nxd7 13. e4 dxe4 14. Nxe4 f5
15. Nd2 Bxg2 16. Kxg2 cxd4 17. Nf3 Ne5 18. Qxd4 Qxd4 19. Bxd4 Nxf3 20. Bxg7
Nh4+ 21. Kh3 Kxg7 22. Kxh4 Rad8 23. Rad1 h6 24. f4 Kf6 25. Kh3 Rfe8 26. Rxd8
Rxd8 27. Kg2 Rc8 28. Rf2 Rc6 29. Rd2 g5 1/2-1/2

[Event "ThEM 2003"]
[Site "?"]
[Date "2003.04.20"]
[Round "8"]
[White "Seidens, Gunter"]
[Black "Buring, Matthias"]
[Result "1/2-1/2"]
[WhiteElo "2069"]
[BlackElo "2074"]
[PlyCount "39"]
[EventDate "2003.04.16"]
[EventRounds "9"]
[EventCountry "GER"]

1. d4 d5 2. Nf3 Bf5 3. c4 dxc4 4. Na3 e6 5. Nxc4 Nc6 6. a3 Nf6 7. Bg5 Be7 8. e3
O-O 9. Be2 h6 10. Bf4 Nh5 11. Bg3 Nxg3 12. hxg3 Bf6 13. Qb3 Rb8 14. O-O Qe7 15.
Rac1 Rfd8 16. Qc3 Rbc8 17. Rfd1 Rd7 18. b4 a6 19. Re1 g5 20. Bd1 1/2-1/2

[Event "ThEM 2003"]
[Site "?"]
[Date "2003.04.20"]
[Round "8"]
[White "Rohmeiss, Roberto"]
[Black "Koch, Stefan"]
[Result "1/2-1/2"]
[WhiteElo "2065"]
[BlackElo "1923"]
[PlyCount "29"]
[EventDate "2003.04.16"]
[EventRounds "9"]
[EventCountry "GER"]

1. d4 d5 2. c4 c6 3. cxd5 cxd5 4. Nc3 Nf6 5. Nf3 a6 6. e3 e6 7. Bd3 Bd6 8. O-O
O-O 9. b3 b5 10. Bb2 Bb7 11. Qc2 Nbd7 12. Rac1 Rc8 13. Qb1 Qa5 14. Rfd1 Rc7 15.
Ne2 1/2-1/2

[Event "ThEM 2003"]
[Site "?"]
[Date "2003.04.20"]
[Round "8"]
[White "Kirste, Olaf"]
[Black "Wehner, Jannis"]
[Result "0-1"]
[WhiteElo "2083"]
[BlackElo "2197"]
[PlyCount "68"]
[EventDate "2003.04.16"]
[EventRounds "9"]
[EventCountry "GER"]

1. c4 Nf6 2. Nc3 g6 3. e4 d6 4. d4 Bg7 5. f3 O-O 6. Be3 c5 7. Nge2 Nc6 8. Qd2
cxd4 9. Nxd4 Nxd4 10. Bxd4 Be6 11. Be3 Qa5 12. Nd5 Qxd2+ 13. Kxd2 Bxd5 14. cxd5
Nd7 15. Rb1 a5 16. Bb5 Nc5 17. Rhc1 Rac8 18. b3 f5 19. Rc4 Rc7 20. Rbc1 fxe4
21. fxe4 Bb2 22. Rd1 Rfc8 23. Ke2 Be5 24. g3 Kg7 25. Rdc1 h6 26. Bg1 h5 27. Ke3
g5 28. R4c2 g4 29. Bf1 Bf6 30. h4 Kg6 31. Bd3 Be5 32. Bf2 Rf8 33. Be2 Bg7 34.
Rxc5 dxc5 0-1

[Event "ThEM 2003"]
[Site "?"]
[Date "2003.04.20"]
[Round "8"]
[White "Huster, Mike"]
[Black "Petiko, Jakob"]
[Result "0-1"]
[WhiteElo "1917"]
[BlackElo "2016"]
[PlyCount "122"]
[EventDate "2003.04.16"]
[EventRounds "9"]
[EventCountry "GER"]

1. d4 Nf6 2. Nf3 d6 3. c4 Nbd7 4. Nc3 e5 5. e4 c6 6. Be2 Be7 7. O-O O-O 8. Re1
Qc7 9. Bf1 exd4 10. Nxd4 Re8 11. h3 h6 12. Bf4 Bf8 13. Qc2 Ne5 14. Bh2 Bd7 15.
Rad1 b6 16. Rd2 a6 17. f4 Ng6 18. Kh1 Re7 19. Rde2 Nh5 20. Qd2 Rae8 21. g4 Nf6
22. Bg3 b5 23. Bg2 b4 24. Nd1 c5 25. Nf5 Re6 26. Nf2 Bc6 27. Bf3 Qb7 28. Qd3
Rd8 29. Kg2 Ne7 30. Nxh6+ gxh6 31. f5 Nxf5 32. gxf5 Ree8 33. Bh4 Be7 34. Kh1
Nxe4 35. Rg1+ Ng5 36. Bd5 Bf6 37. Ne4 Bd4 38. Bxg5 hxg5 39. Rxg5+ Kf8 40. Qg3
Bxd5 41. cxd5 Be5 42. Nf6 Qxd5+ 43. Nxd5 Bxg3 44. Rxe8+ Rxe8 45. Rxg3 Re5 46.
Ne3 Ke7 47. Kg2 d5 48. Rf3 c4 49. Kf2 Kd6 50. Ng4 Re4 51. Nh6 Re7 52. f6 Rc7
53. Ke2 d4 54. Kd2 Ke5 55. Ng4+ Ke4 56. Rf1 c3+ 57. bxc3 bxc3+ 58. Kc2 d3+ 59.
Kc1 Rb7 60. Re1+ Kd4 61. Rd1 c2 0-1

[Event "ThEM 2003"]
[Site "?"]
[Date "2003.04.20"]
[Round "8"]
[White "Schneider, Christian"]
[Black "Lange, Corinna"]
[Result "1/2-1/2"]
[WhiteElo "1704"]
[BlackElo "2162"]
[PlyCount "43"]
[EventDate "2003.04.16"]
[EventRounds "9"]
[EventCountry "GER"]

1. d4 d5 2. c4 e6 3. Nc3 f5 4. e3 Nf6 5. b3 c6 6. Bb2 Bd6 7. Bd3 O-O 8. Rc1 Qe8
9. cxd5 exd5 10. Qe2 Be6 11. f3 Qh5 12. f4 Qh6 13. Nf3 Ne4 14. Bxe4 fxe4 15.
Ng5 Nd7 16. Nxe6 Qxe6 17. Kd2 Rac8 18. g4 c5 19. f5 Qf7 20. Rcf1 cxd4 21. exd4
Nb6 22. g5 1/2-1/2

[Event "ThEM 2003"]
[Site "?"]
[Date "2003.04.20"]
[Round "8"]
[White "Skibbe, Diana"]
[Black "Siebarth, Marco"]
[Result "1/2-1/2"]
[WhiteElo "2130"]
[BlackElo "1799"]
[PlyCount "55"]
[EventDate "2003.04.16"]
[EventRounds "9"]
[EventCountry "GER"]

1. e4 d5 2. exd5 Qxd5 3. Nc3 Qa5 4. d4 c6 5. Nf3 Bg4 6. Bd2 Qc7 7. h3 Bxf3 8.
Qxf3 Nf6 9. O-O-O e6 10. Bd3 Nbd7 11. Kb1 O-O-O 12. Ne2 e5 13. Bf5 exd4 14.
Nxd4 Be7 15. c4 g6 16. Bf4 Qb6 17. Bxd7+ Rxd7 18. Be3 Qc7 19. Bg5 Qe5 20. Bxf6
Qxf6 21. Qxf6 Bxf6 22. Nb3 Rhd8 23. Rxd7 Rxd7 24. Re1 Kc7 25. Kc2 b6 26. Re2 h6
27. a4 a6 28. Nd2 1/2-1/2

[Event "ThEM 2003"]
[Site "?"]
[Date "2003.04.20"]
[Round "8"]
[White "Michalowski, Peter"]
[Black "Koksch, Robert"]
[Result "0-1"]
[WhiteElo "1676"]
[BlackElo "2072"]
[PlyCount "88"]
[EventDate "2003.04.16"]
[EventRounds "9"]
[EventCountry "GER"]

1. e4 c6 2. Nc3 d5 3. Nf3 Bg4 4. h3 Bh5 5. Be2 e6 6. d4 Nf6 7. Bg5 Qb6 8. Bxf6
Qxb2 9. Nxd5 cxd5 10. Bg5 Bb4+ 11. Bd2 Bxd2+ 12. Nxd2 Bxe2 13. Kxe2 Qxd4 14.
exd5 Qxd5 15. Nf3 Qxd1+ 16. Rhxd1 Nc6 17. Rab1 Rb8 18. Nd4 Ke7 19. Rb3 Nxd4+
20. Rxd4 Rhc8 21. Rb2 b6 22. c4 Rb7 23. a4 Rc5 24. Kd3 Rd7 25. Rxd7+ Kxd7 26.
Kc3 Kc7 27. Rd2 Rg5 28. f3 Re5 29. Kb4 h6 30. Kc3 Re3+ 31. Kb4 Kc6 32. a5 bxa5+
33. Kxa5 Kc5 34. Ka6 Ra3+ 35. Kb7 Kxc4 36. Rd7 Ra2 37. Rxf7 Rxg2 38. Kxa7 Rg3
39. h4 Kd5 40. Kb6 Rh3 41. Rxg7 Rxh4 42. Kb5 Rf4 43. Rh7 Rxf3 44. Rxh6 Rc3 0-1

[Event "ThEM 2003"]
[Site "?"]
[Date "2003.04.20"]
[Round "8"]
[White "Baecher, Reinhardt"]
[Black "Skibbe, Willi"]
[Result "0-1"]
[WhiteElo "1863"]
[BlackElo "1672"]
[PlyCount "68"]
[EventDate "2003.04.16"]
[EventRounds "9"]
[EventCountry "GER"]

1. e4 e6 2. d4 d5 3. Nc3 Bb4 4. Nge2 dxe4 5. a3 Bxc3+ 6. Nxc3 Nc6 7. Be3 f5 8.
Bb5 Nge7 9. Qh5+ Kf8 10. O-O-O Nd5 11. Nxd5 exd5 12. f3 exf3 13. Bg5 Qe8 14.
Qxf3 h6 15. Rhe1 Qf7 16. Bxc6 bxc6 17. Re7 hxg5 18. Rxf7+ Kxf7 19. Re1 Be6 20.
Qe3 Rae8 21. Qxg5 Re7 22. h3 g6 23. g4 Rxh3 24. gxf5 gxf5 25. Rg1 Ke8 26. Qf6
Rhh7 27. Kd2 Kd7 28. Rg6 Rhf7 29. Qg5 f4 30. Rf6 f3 31. Ke1 f2+ 32. Kf1 Rxf6
33. Qxf6 Rf7 34. Qh4 Rf3 0-1

[Event "ThEM 2003"]
[Site "?"]
[Date "2003.04.20"]
[Round "8"]
[White "Berner, Stephan"]
[Black "Gulich, Christian"]
[Result "0-1"]
[WhiteElo "1577"]
[BlackElo "2133"]
[PlyCount "66"]
[EventDate "2003.04.16"]
[EventRounds "9"]
[EventCountry "GER"]

1. e4 c5 2. Nc3 g6 3. g3 Bg7 4. Bg2 Nc6 5. f4 e6 6. d3 Nge7 7. Nf3 O-O 8. O-O
d6 9. Ne2 b5 10. c3 Rb8 11. Qc2 b4 12. Be3 Qa5 13. d4 bxc3 14. bxc3 Ba6 15.
Rfe1 cxd4 16. cxd4 Rfc8 17. Reb1 Nxd4 18. Nexd4 Rxc2 19. Rxb8+ Rc8 20. Rxc8+
Nxc8 21. Nb3 Qa4 22. Bd4 Bxd4+ 23. Nfxd4 Nb6 24. Nc2 Bd3 25. Ncd4 e5 26. fxe5
dxe5 27. Rd1 Bc4 28. Nf3 Bxb3 29. axb3 Qxb3 30. Rd8+ Kg7 31. Nxe5 Qe3+ 32. Kf1
Qc1+ 33. Ke2 Qb2+ 0-1

[Event "ThEM 2003"]
[Site "?"]
[Date "2003.04.20"]
[Round "8"]
[White "Manger, Erika"]
[Black "Siegl, Detlef"]
[Result "0-1"]
[WhiteElo "1404"]
[BlackElo "2027"]
[PlyCount "50"]
[EventDate "2003.04.16"]
[EventRounds "9"]
[EventCountry "GER"]

1. c4 e5 2. Nc3 Nf6 3. g3 d5 4. cxd5 Nxd5 5. Bg2 Nb6 6. e4 Be6 7. Nge2 Nc6 8.
d3 Be7 9. O-O O-O 10. Be3 a6 11. d4 exd4 12. Nxd4 Nxd4 13. Bxd4 c5 14. Be3 Nd7
15. Nd5 Rc8 16. Nxe7+ Qxe7 17. b3 b5 18. Rc1 c4 19. bxc4 Bxc4 20. Re1 Ne5 21.
Bf1 Rfd8 22. Bd4 Rxd4 23. Qc2 Nf3+ 24. Kg2 Nxe1+ 25. Rxe1 Bxf1+ 0-1

[Event "ThEM 2003"]
[Site "?"]
[Date "2003.04.20"]
[Round "8"]
[White "Richter, Dagmar"]
[Black "Hermann, Ingo"]
[Result "0-1"]
[WhiteElo "1463"]
[BlackElo "1622"]
[PlyCount "116"]
[EventDate "2003.04.16"]
[EventRounds "9"]
[EventCountry "GER"]

1. e4 e6 2. d4 d5 3. Nc3 Nf6 4. Bg5 dxe4 5. Bxf6 gxf6 6. Nxe4 Nc6 7. Nf3 b6 8.
c3 Bb7 9. Qa4 Be7 10. O-O-O Qd7 11. Bb5 a6 12. Bxc6 Bxc6 13. Qc2 O-O-O 14. Rhe1
Rhg8 15. g3 Bb7 16. Ned2 h6 17. Kb1 Rge8 18. Qh7 Bf8 19. Qc2 Kb8 20. h4 Ka7 21.
Nh2 Qe7 22. Ng4 Rd7 23. Ne3 Red8 24. Ndc4 a5 25. Ka1 Bf3 26. Rb1 c5 27. dxc5
Qxc5 28. b4 Qc6 29. Qb3 axb4 30. cxb4 Rd3 31. Qb2 R8d4 32. Rbc1 Qb5 33. a3 Bg7
34. Rc3 Rxc3 35. Qxc3 f5 36. Ka2 Bd5 37. Nxd5 Qxd5 38. Rc1 b5 39. Qc2 Qxc4+ 40.
Qxc4 Rxc4 41. Rd1 Rd4 42. Rc1 Kb7 43. Rc5 Rd5 44. Rc2 h5 45. Kb3 Bh6 46. Kc3
Rd6 47. Re2 Bg7+ 48. Kc2 Rc6+ 49. Kb3 Rc3+ 50. Ka2 Kc6 51. Rd2 Bf6 52. Re2 Kd5
53. Rd2+ Bd4 54. Kb1 Rxa3 55. Re2 Ra1+ 56. Kc2 Ra2+ 57. Kd1 Rxe2 58. Kxe2 Kc4
0-1

[Event "ThEM 2003"]
[Site "?"]
[Date "2003.04.21"]
[Round "9"]
[White "Enders, Peter"]
[Black "Sieber, Stephan"]
[Result "1/2-1/2"]
[WhiteElo "2522"]
[BlackElo "2136"]
[PlyCount "69"]
[EventDate "2003.04.16"]
[EventRounds "9"]
[EventCountry "GER"]

1. d4 f5 2. g3 Nf6 3. Bg2 g6 4. Nc3 d6 5. e4 fxe4 6. Nxe4 Bg7 7. Nxf6+ exf6 8.
Ne2 d5 9. c4 dxc4 10. Qa4+ Nd7 11. Qxc4 Nb6 12. Qb3 Qe7 13. Be3 c6 14. Nc3 Be6
15. d5 Nxd5 16. Nxd5 Bxd5 17. Bxd5 cxd5 18. Qxd5 Rd8 19. Qb3 Qf7 20. Qa4+ Qd7
21. Qxa7 Qb5 22. Qb6 Qxb6 23. Bxb6 Rd6 24. Be3 f5 25. Ke2 Ra6 26. a4 O-O 27.
Ra2 Rfa8 28. Rc1 b5 29. a5 Rxa5 30. Rxa5 Rxa5 31. Rc8+ Kf7 32. Rc7+ Kg8 33. Bc1
Ra4 34. Rc8+ Kf7 35. Rc7+ 1/2-1/2

[Event "ThEM 2003"]
[Site "?"]
[Date "2003.04.21"]
[Round "9"]
[White "Kraemer, Martin"]
[Black "Aepfler, Christian"]
[Result "1/2-1/2"]
[WhiteElo "2173"]
[BlackElo "2266"]
[PlyCount "76"]
[EventDate "2003.04.16"]
[EventRounds "9"]
[EventCountry "GER"]

1. e4 d5 2. exd5 Qxd5 3. Nc3 Qa5 4. d4 Nf6 5. Nf3 c6 6. Bc4 Bg4 7. h3 Bh5 8. g4
Bg6 9. Ne5 e6 10. O-O Bb4 11. Qf3 Nbd7 12. Bf4 O-O 13. Nxg6 hxg6 14. Ne2 e5 15.
dxe5 Nxe5 16. Bxe5 Qxe5 17. Qf4 Rfe8 18. c3 Bd6 19. Qxe5 Bxe5 20. Rfe1 Kf8 21.
Kg2 Rad8 22. Rad1 g5 23. Ng1 Nd7 24. Nf3 Bf6 25. Rxe8+ Kxe8 26. Re1+ Kf8 27.
Rd1 a5 28. Bb3 Nc5 29. Rxd8+ Bxd8 30. Bc2 Bf6 31. Nd2 b5 32. Ne4 Nxe4 33. Bxe4
c5 34. a3 Ke7 35. Bc6 b4 36. axb4 cxb4 37. cxb4 axb4 38. b3 Bd4 1/2-1/2

[Event "ThEM 2003"]
[Site "?"]
[Date "2003.04.21"]
[Round "9"]
[White "Goemann, Jens"]
[Black "Haensel, Thomas"]
[Result "1/2-1/2"]
[WhiteElo "2194"]
[BlackElo "2312"]
[PlyCount "84"]
[EventDate "2003.04.16"]
[EventRounds "9"]
[EventCountry "GER"]

1. c4 b6 2. Nc3 Bb7 3. e4 c5 4. g3 Nf6 5. Bg2 e6 6. Nge2 d6 7. O-O Nbd7 8. d4
cxd4 9. Nxd4 a6 10. Re1 Qc7 11. Be3 Be7 12. Rc1 O-O 13. b3 Rac8 14. f4 Qb8 15.
f5 e5 16. Nc2 b5 17. Nd5 Bd8 18. Ncb4 bxc4 19. bxc4 a5 20. Nxf6+ Nxf6 21. Nd5
Bxd5 22. exd5 Bb6 23. h3 Bxe3+ 24. Rxe3 Qa7 25. Qd2 Nd7 26. Kh2 Rb8 27. f6 Nxf6
28. c5 dxc5 29. Rxe5 Rb4 30. Qc3 Qb8 31. d6 Qxd6 32. Qxc5 Qxc5 33. Rexc5 Ra4
34. R1c2 g6 35. R5c4 Rb4 36. Rxb4 axb4 37. Rc6 Nd7 38. Rc7 Ne5 39. Re7 Nd3 40.
Bd5 Kg7 41. h4 Kf6 42. Rb7 h5 1/2-1/2

[Event "ThEM 2003"]
[Site "?"]
[Date "2003.04.21"]
[Round "9"]
[White "Holzschuh, Stephan"]
[Black "Seidens, Gunter"]
[Result "1-0"]
[WhiteElo "2107"]
[BlackElo "2069"]
[PlyCount "47"]
[EventDate "2003.04.16"]
[EventRounds "9"]
[EventCountry "GER"]

1. e4 d6 2. d4 Nf6 3. Nc3 g6 4. f3 c6 5. Be3 b5 6. Qd2 Bb7 7. g4 Nbd7 8. g5 Nh5
9. Nge2 Bg7 10. Ng3 Nxg3 11. hxg3 b4 12. Ne2 a5 13. Kf2 f5 14. gxf6 Nxf6 15.
Bh6 Rf8 16. Kg2 Bxh6 17. Rxh6 Qd7 18. a3 Rb8 19. axb4 axb4 20. Ra7 Qe6 21. Nf4
Qf7 22. Qxb4 e5 23. Qxd6 Nd7 24. dxe5 1-0

[Event "ThEM 2003"]
[Site "?"]
[Date "2003.04.21"]
[Round "9"]
[White "Petiko, Jakob"]
[Black "Rohmeiss, Roberto"]
[Result "1/2-1/2"]
[WhiteElo "2016"]
[BlackElo "2065"]
[PlyCount "21"]
[EventDate "2003.04.16"]
[EventRounds "9"]
[EventCountry "GER"]

1. e4 c5 2. Nc3 Nc6 3. g3 g6 4. Bg2 Bg7 5. d3 d6 6. Nge2 Rb8 7. Be3 e6 8. Qd2
b5 9. f4 Nd4 10. O-O Ne7 11. Nc1 1/2-1/2